000 00885nam a22002297a 4500
003 OSt
005 20260511081801.0
008 260511b |||||||| |||| 00| 0 eng d
020 _a9780602252403
040 _aKenya National Library Service
082 _a428.24076 RIC
100 _aRichards, Haydn,
_eauthor.
245 _aNew Caribbean junior English :
_ban integrated approach 1 /
_cHaydn Richards, Pamela Mordecai.
300 _a122 pages :
_b illustrations ;
_c22 cm.
504 _aIncludes index.
520 _aIntegrated English language course designed for Caribbean junior secondary school students, covering grammar, comprehension, composition, and oral communication.
650 _aEnglish language
_x Juvenile literature.
700 _aMordecai, Pamela,
_eauthor.
942 _2ddc
_cBK
_n0
999 _c492633
_d492633